<?xml version="1.0" encoding="UTF-8"?>
<record
    xmlns:xsi="http://www.w3.org/2001/XMLSchema-instance"
    xsi:schemaLocation="http://www.loc.gov/MARC21/slim http://www.loc.gov/standards/marcxml/schema/MARC21slim.xsd"
    xmlns="http://www.loc.gov/MARC21/slim">

  <leader>01641cam a22003251i 4500</leader>
  <controlfield tag="003">SA-RiAUC</controlfield>
  <controlfield tag="005">20250122150316.0</controlfield>
  <controlfield tag="008">250121s2015    ku     g     f000 0aara c</controlfield>
  <datafield tag="020" ind1=" " ind2=" ">
    <subfield code="a">9789990685220</subfield>
  </datafield>
  <datafield tag="040" ind1=" " ind2=" ">
    <subfield code="a">SA-JeALM</subfield>
    <subfield code="b">ara</subfield>
    <subfield code="c">SA-RiAUC</subfield>
    <subfield code="e">rda</subfield>
  </datafield>
  <datafield tag="043" ind1=" " ind2=" ">
    <subfield code="a">a-aq---</subfield>
  </datafield>
  <datafield tag="082" ind1="0" ind2="4">
    <subfield code="a">923.7</subfield>
    <subfield code="q">SA-RiAUC</subfield>
  </datafield>
  <datafield tag="090" ind1=" " ind2=" ">
    <subfield code="a">923.7  </subfield>
    <subfield code="b">   &#x634; &#x646; &#x642;</subfield>
  </datafield>
  <datafield tag="100" ind1="1" ind2=" ">
    <subfield code="a">&#x627;&#x644;&#x634;&#x646;&#x642;&#x64A;&#x637;&#x64A;&#x60C; &#x645;&#x62D;&#x645;&#x62F; &#x623;&#x645;&#x64A;&#x646; &#x628;&#x646; &#x639;&#x628;&#x62F;&#x64A; &#x628;&#x646; &#x641;&#x627;&#x644; &#x627;&#x644;&#x62E;&#x64A;&#x631;&#x60C;</subfield>
    <subfield code="d">1876-1932</subfield>
    <subfield code="e">&#x645;&#x624;&#x644;&#x641;.</subfield>
  </datafield>
  <datafield tag="245" ind1="1" ind2="0">
    <subfield code="a">&#x645;&#x630;&#x643;&#x631;&#x627;&#x62A; &#x645;&#x62D;&#x645;&#x62F; &#x627;&#x644;&#x623;&#x645;&#x64A;&#x646; &#x641;&#x627;&#x644; &#x627;&#x644;&#x62E;&#x64A;&#x631; &#x627;&#x644;&#x62D;&#x633;&#x646;&#x64A; &#x627;&#x644;&#x634;&#x646;&#x642;&#x64A;&#x637;&#x64A; :</subfield>
    <subfield code="b">&#x645;&#x624;&#x633;&#x633; &#x645;&#x62F;&#x631;&#x633;&#x629; &#x627;&#x644;&#x646;&#x62C;&#x627;&#x629; &#x641;&#x64A; &#x627;&#x644;&#x632;&#x628;&#x64A;&#x631;. &#x643;&#x62A;&#x628;&#x647;&#x627; &#x641;&#x64A; &#x645;&#x62F;&#x64A;&#x646;&#x629; &#x639;&#x646;&#x64A;&#x632;&#x629; &#x633;&#x646;&#x629; 1336 &#x647;&#x640; / 1918 &#x645;</subfield>
    <subfield code="c">&#x627;&#x639;&#x62A;&#x646;&#x649; &#x628;&#x647;&#x627; &#x639;&#x628;&#x62F;&#x627;&#x644;&#x631;&#x62D;&#x645;&#x646; &#x628;&#x646; &#x635;&#x627;&#x644;&#x62D; &#x627;&#x644;&#x634;&#x628;&#x64A;&#x644;&#x64A;</subfield>
  </datafield>
  <datafield tag="250" ind1=" " ind2=" ">
    <subfield code="a">&#x627;&#x644;&#x637;&#x628;&#x639;&#x629; &#x627;&#x644;&#x623;&#x648;&#x644;&#x649;.</subfield>
  </datafield>
  <datafield tag="264" ind1=" " ind2="1">
    <subfield code="a">&#x627;&#x644;&#x643;&#x648;&#x64A;&#x62A; :</subfield>
    <subfield code="b">&#x645;&#x643;&#x62A;&#x628;&#x629; &#x627;&#x644;&#x628;&#x627;&#x628;&#x637;&#x64A;&#x646; &#x627;&#x644;&#x645;&#x631;&#x643;&#x632;&#x64A;&#x629; &#x644;&#x644;&#x634;&#x639;&#x631; &#x627;&#x644;&#x639;&#x631;&#x628;&#x64A;&#x60C;</subfield>
    <subfield code="c">2015</subfield>
  </datafield>
  <datafield tag="300" ind1=" " ind2=" ">
    <subfield code="a">255 &#x635;&#x641;&#x62D;&#x629; &#x61B;</subfield>
    <subfield code="c">22 &#x633;&#x645;</subfield>
  </datafield>
  <datafield tag="336" ind1=" " ind2=" ">
    <subfield code="a">&#x646;&#x635;</subfield>
    <subfield code="b">txt</subfield>
    <subfield code="2">rdacontent</subfield>
    <subfield code="3">&#x643;&#x62A;&#x627;&#x628;</subfield>
  </datafield>
  <datafield tag="337" ind1=" " ind2=" ">
    <subfield code="a">&#x628;&#x62F;&#x648;&#x646; &#x648;&#x633;&#x64A;&#x637;</subfield>
    <subfield code="b">n</subfield>
    <subfield code="2">rdamedia</subfield>
  </datafield>
  <datafield tag="338" ind1=" " ind2=" ">
    <subfield code="a">&#x645;&#x62C;&#x644;&#x62F;</subfield>
    <subfield code="b">nc</subfield>
    <subfield code="2">rdacarrier</subfield>
  </datafield>
  <datafield tag="500" ind1=" " ind2=" ">
    <subfield code="a">&#x627;&#x647;&#x62F;&#x627;&#x621; &#x645;&#x646; &#x627;&#x644;&#x645;&#x62D;&#x642;&#x642; &#x639;&#x628;&#x62F;&#x627;&#x644;&#x631;&#x62D;&#x645;&#x646; &#x628;&#x646; &#x635;&#x627;&#x644;&#x62D; &#x627;&#x644;&#x634;&#x628;&#x64A;&#x644;&#x64A;</subfield>
  </datafield>
  <datafield tag="500" ind1=" " ind2=" ">
    <subfield code="a">&#x645;&#x644;&#x627;&#x62D;&#x638;&#x629;&#x641;&#x64A; &#x628;&#x62F;&#x627;&#x64A;&#x629; &#x627;&#x644;&#x643;&#x62A;&#x627;&#x628;</subfield>
  </datafield>
  <datafield tag="600" ind1="1" ind2="7">
    <subfield code="a">&#x627;&#x644;&#x634;&#x646;&#x642;&#x64A;&#x637;&#x64A;&#x60C; &#x645;&#x62D;&#x645;&#x62F; &#x623;&#x645;&#x64A;&#x646; &#x628;&#x646; &#x639;&#x628;&#x62F;&#x64A; &#x628;&#x646; &#x641;&#x627;&#x644; &#x627;&#x644;&#x62E;&#x64A;&#x631;&#x60C;</subfield>
    <subfield code="d">1876-1932</subfield>
    <subfield code="v">&#x64A;&#x648;&#x645;&#x64A;&#x627;&#x62A;</subfield>
    <subfield code="2">aucnm</subfield>
  </datafield>
  <datafield tag="610" ind1="2" ind2="7">
    <subfield code="a">&#x645;&#x62F;&#x631;&#x633;&#x629; &#x627;&#x644;&#x646;&#x62C;&#x627;&#x629; (&#x627;&#x644;&#x632;&#x628;&#x64A;&#x631;&#x60C; &#x627;&#x644;&#x639;&#x631;&#x627;&#x642;)</subfield>
    <subfield code="x">&#x62A;&#x627;&#x631;&#x64A;&#x62E;</subfield>
    <subfield code="2">aucnm</subfield>
  </datafield>
  <datafield tag="650" ind1=" " ind2="7">
    <subfield code="a">&#x627;&#x644;&#x62A;&#x631;&#x628;&#x648;&#x64A;&#x648;&#x646; &#x627;&#x644;&#x645;&#x63A;&#x627;&#x631;&#x628;&#x629;</subfield>
    <subfield code="v">&#x62A;&#x631;&#x627;&#x62C;&#x645;</subfield>
    <subfield code="2">aucsh</subfield>
  </datafield>
  <datafield tag="700" ind1=" " ind2=" ">
    <subfield code="a">&#x627;&#x644;&#x634;&#x628;&#x64A;&#x644;&#x64A;&#x60C; &#x628;&#x62F;&#x627;&#x644;&#x631;&#x62D;&#x645;&#x646; &#x628;&#x646; &#x635;&#x627;&#x644;&#x62D;</subfield>
    <subfield code="e">&#x645;&#x62D;&#x642;&#x642;.</subfield>
  </datafield>
  <datafield tag="942" ind1=" " ind2=" ">
    <subfield code="2">ddc</subfield>
    <subfield code="c">BOOK</subfield>
    <subfield code="n">0</subfield>
  </datafield>
  <datafield tag="949" ind1=" " ind2=" ">
    <subfield code="a">SA-JeALM</subfield>
    <subfield code="d">250121</subfield>
    <subfield code="u">osman123</subfield>
    <subfield code="n">1</subfield>
  </datafield>
  <datafield tag="952" ind1=" " ind2=" ">
    <subfield code="0">0</subfield>
    <subfield code="1">0</subfield>
    <subfield code="2">ddc</subfield>
    <subfield code="4">0</subfield>
    <subfield code="7">0</subfield>
    <subfield code="8">gift</subfield>
    <subfield code="a">WAHAB</subfield>
    <subfield code="b">WAHAB</subfield>
    <subfield code="d">2025-01-22</subfield>
    <subfield code="l">0</subfield>
    <subfield code="o">923.7  &#x634; &#x646; &#x642;</subfield>
    <subfield code="p">000008215</subfield>
    <subfield code="r">2025-01-22 15:03:43</subfield>
    <subfield code="w">2025-01-22</subfield>
    <subfield code="y">BOOK</subfield>
  </datafield>
  <datafield tag="999" ind1=" " ind2=" ">
    <subfield code="c">5125</subfield>
    <subfield code="d">5125</subfield>
  </datafield>
</record>
